[Event "Let's Play Chess!"]
[Site "http://www.queenalice.com/game.php?id=806501"]
[Date "2010.7.21"]
[Round "-"]
[White "richcooke"]
[Black "igorjava"]
[Result "0-1"]
[WhiteElo "1773"]
[BlackElo "1879"]

1. e4 c5 2. Bc4 Nc6 3. Nf3 d6 4. O-O Bg4 5. h3 Bh5 6. Nc3 a6 7. Qe1 Bxf3 8. gxf3
e6 9. Qe3 Qh4 10. f4 Nd4 11. Qg3 Qh5 12. Bd3 O-O-O 13. f3 g6 14. Kf2 f5 15. h4
Bh6 16. exf5 gxf5 17. Ne2 Ne7 18. Ke3 Nd5+ 19. Kf2 Rhg8 20. Qh3 Rg7 21. Nxd4
Nxf4 22. Qh2 cxd4 23. Rg1 Rdg8 24. Rxg7 Rxg7 25. Bf1 e5 26. d3 Kc7 27. Bd2 Nd5
28. Bxh6 Qxh6 29. Re1 Ne3 30. c3 Nc2 31. Re2 Ne3 32. cxd4 exd4 33. Bh3 Qxh4+ 0-1

[Event "roletarussa"]
[Site "http://www.queenalice.com/game.php?id=807046"]
[Date "2010.7.23"]
[Round "-"]
[White "richcooke"]
[Black "Ramoalid_liempten"]
[Result "0-1"]
[WhiteElo "1758"]
[BlackElo "1923"]

1. e4 e5 2. Nf3 Nc6 3. Bc4 h6 4. O-O d6 5. Nc3 Nf6 6. Nd5 Nxe4 7. Nh4 Ne7 8.
Nxe7 Bxe7 9. Qh5 O-O 10. Ng6 Nf6 11. Nxe7+ Qxe7 12. Qf3 c6 13. d3 Be6 14. Bxe6
Qxe6 15. c4 d5 16. b3 Rfe8 17. Qg3 e4 18. Bxh6 Nh5 19. Qc7 Re7 20. Qa5 Qxh6 21.
cxd5 exd3 22. dxc6 bxc6 23. Rac1 Nf4 24. Kh1 Rae8 25. g3 Ne2 26. Rfe1 Re5 27.
Rc5 Qh5 28. Rxe5 Qf3# 0-1

[Event "Let's Play Chess!"]
[Site "http://www.queenalice.com/game.php?id=830072"]
[Date "2010.9.9"]
[Round "-"]
[White "richcooke"]
[Black "charles31"]
[Result "1-0"]
[WhiteElo "1758"]
[BlackElo "1721"]

1. e4 e5 2. Nf3 d6 3. c4 Nf6 4. Nc3 Bg4 5. h3 Bh5 6. Be2 Bg6 7. d3 Nc6 8. Qb3
Qc8 9. Be3 Be7 10. d4 Na5 11. Qa4+ Nc6 12. d5 Bxe4 13. dxc6 Bxc6 14. Qc2 h6 15.
O-O g5 16. Rad1 Rg8 17. b4 g4 18. hxg4 Qxg4 19. g3 Bxf3 20. Bxf3 Qg7 21. Bxb7
Rb8 22. Qa4+ Nd7 23. Bc6 f5 24. Bxd7+ Kf8 25. Bxf5 Bh4 26. g4 h5 27. f3 Qf7 28.
Bh6+ Ke7 29. Qd7+ Kf6 30. Ne4# 1-0

[Event "Let's Play Chess!"]
[Site "http://www.queenalice.com/game.php?id=830089"]
[Date "2010.9.9"]
[Round "-"]
[White "richcooke"]
[Black "arpia"]
[Result "0-1"]
[WhiteElo "1761"]
[BlackElo "1784"]

1. e4 e5 2. Nf3 Nc6 3. Bc4 Nf6 4. Nc3 Nxe4 5. Nxe4 d5 6. Bxd5 Qxd5 7. d3 Be7 8.
O-O Bg4 9. c4 Qd7 10. h3 Bh5 11. g4 Bg6 12. Qb3 b6 13. Bg5 O-O-O 14. Rad1 f6 15.
Be3 f5 16. Neg5 Bxg5 17. Bxg5 fxg4 18. Bxd8 gxf3 19. Kh2 Rxd8 20. Rg1 Nd4 21.
Qa3 Kb8 22. Rg5 Ne6 23. Rxe5 Nf4 24. Kg3 Qxh3+ 25. Kxf4 Qh4+ 26. Kxf3 Bh5+ 27.
Rxh5 Qxh5+ 28. Kg2 Qxd1 29. Qe7 Qxd3 30. b3 Qg6+ 31. Kf1 Rd1+ 0-1

[Event "Challenge"]
[Site "http://www.queenalice.com/game.php?id=851436"]
[Date "2010.10.27"]
[Round "-"]
[White "richcooke"]
[Black "sasukee"]
[Result "0-1"]
[WhiteElo "1793"]
[BlackElo "1924"]

1. e4 e5 2. Bc4 Nf6 3. Nc3 Nc6 4. Qf3 Nd4 5. Qd3 Bc5 6. Bxf7+ Kxf7 7. Nf3 Qe7 8.
Nxd4 Bxd4 9. O-O d6 10. Qc4+ Be6 11. Nd5 Nxd5 12. exd5 Bf5 13. d3 Rhf8 14. c3
Bb6 15. Be3 Kg8 16. d4 exd4 17. cxd4 Be4 18. f3 Bxf3 19. Rxf3 Rxf3 20. gxf3
Qxe3+ 21. Kg2 Rf8 22. Rf1 Bxd4 23. Qxc7 Qe2+ 24. Kg3 Be5+ 25. f4 Qxf1 26. fxe5
Qf3+ 27. Kh4 Rf4+ 28. Kg5 Qg4# 0-1

[Event "Let's Play Chess!"]
[Site "http://www.queenalice.com/game.php?id=854352"]
[Date "2010.11.5"]
[Round "-"]
[White "richcooke"]
[Black "AFA1961"]
[Result "1-0"]
[WhiteElo "1778"]
[BlackElo "1802"]

1. e4 c5 2. Bc4 a6 3. Bxf7+ Kxf7 4. Qh5+ g6 5. Qxc5 d6 6. Qd5+ Kg7 7. Nf3 Nf6 8.
Qd4 Nc6 9. Qe3 Qc7 10. d4 Nb4 11. Na3 Qxc2 12. Qh6+ Kf7 13. Qxf8+ Rxf8 14. Nxc2
Nxc2+ 15. Kd2 Nxa1 16. Kd3 1-0

[Event "Let's Play Chess!"]
[Site "http://www.queenalice.com/game.php?id=854903"]
[Date "2010.11.5"]
[Round "-"]
[White "richcooke"]
[Black "docesenhora"]
[Result "0-1"]
[WhiteElo "1782"]
[BlackElo "2145"]

1. e4 e5 2. Nf3 Nc6 3. Bc4 Nf6 4. Nc3 Nxe4 5. Nxe4 d5 6. Bxd5 Qxd5 7. d3 Bg4 8.
h3 Bh5 9. O-O O-O-O 10. Bg5 f6 11. c4 Qxd3 12. Qxd3 Rxd3 13. Be3 Bxf3 14. gxf3
Be7 15. Kg2 Rhd8 16. a3 f5 17. Nc3 f4 18. Bc1 Nd4 19. Nd5 Bf6 20. Bxf4 exf4 21.
Nxf4 Rxf3 22. Ne6 Rxf2+ 23. Rxf2 Nxe6 24. b4 Rd3 25. Re1 Ng5 26. h4 Nf7 27. a4
Rd4 28. Rxf6 gxf6 29. Re7 Ne5 30. Rxh7 Rxc4 31. Rh8+ Kd7 32. Rh7+ Kc6 33. b5+
Kb6 34. Rh6 Ka5 35. h5 Rh4 36. Kg3 Rg4+ 37. Kf2 Rxa4 38. Rxf6 Ng4+ 0-1

[Event "Challenge"]
[Site "http://www.queenalice.com/game.php?id=857094"]
[Date "2010.11.10"]
[Round "-"]
[White "richcooke"]
[Black "PRZ"]
[Result "1-0"]
[WhiteElo "1776"]
[BlackElo "1355"]

1. e4 e5 2. Nf3 c6 3. Nxe5 f6 4. Nc4 Bc5 5. Qh5+ g6 6. Qxc5 Na6 7. Nd6+ Ke7 8.
Nxc8+ Ke8 9. Nd6+ Kf8 10. Bxa6 bxa6 11. Nb7+ Qe7 12. Nd6 Nh6 13. d4 Kg7 14.
Bxh6+ Kxh6 15. Nf5+ gxf5 16. Qxe7 Rhe8 17. Qxf6+ Kh5 18. Qxf5+ Kh6 19. g4 Re6
20. g5+ 1-0

[Event "Let's Play Chess!"]
[Site "http://www.queenalice.com/game.php?id=863259"]
[Date "2010.11.24"]
[Round "-"]
[White "utilizator33"]
[Black "richcooke"]
[Result "0-1"]
[WhiteElo "1603"]
[BlackElo "1780"]

1. d4 d5 2. h3 Nc6 3. Nf3 Nf6 4. e3 Bf5 5. Bd3 Ne4 6. O-O e6 7. c3 Bd6 8. Nbd2
Qf6 9. a3 Qg6 10. Bc2 Bxh3 11. Nh4 Qg5 12. Ndf3 Bg4 13. g3 Qh5 14. Bd3 g5 15.
Bxe4 dxe4 16. d5 Ne5 17. Qd2 Bxf3 18. Ng2 Qh3 19. Ne1 Qh1# 0-1

[Event "Let's Play Chess!"]
[Site "http://www.queenalice.com/game.php?id=874758"]
[Date "2010.12.21"]
[Round "-"]
[White "richcooke"]
[Black "igorjava"]
[Result "0-1"]
[WhiteElo "1813"]
[BlackElo "1906"]

1. e4 c5 2. Bc4 e6 3. Nf3 Nc6 4. O-O g6 5. d4 cxd4 6. Nxd4 Bg7 7. Nxc6 bxc6 8.
Be3 Bxb2 9. Bd4 Bxa1 10. Bxa1 f6 11. e5 Qe7 12. exf6 Nxf6 13. Qd4 Rf8 14. Nd2
Bb7 15. Ne4 Nxe4 16. Qxe4 d5 17. Qd3 dxc4 18. Qxc4 O-O-O 19. Bd4 Rf4 20. c3 Kb8
21. Be5+ Ka8 22. Qxf4 Rf8 23. Qa4 c5 24. Rd1 Rd8 25. Re1 Qg5 26. g3 Qe7 27. c4
h5 28. Qc2 Qf7 29. Re3 Bf3 30. Bf4 Rd1+ 31. Qxd1 Bxd1 32. Rd3 Ba4 33. Bd6 Qf5
34. Re3 Bc6 35. Rb3 Bb7 36. h4 Qe4 37. Kf1 Qxc4+ 38. Ke1 Qc1+ 39. Ke2 Ba6+ 40.
Rd3 Qc2+ 0-1

[Event "Let's Play Chess!"]
[Site "http://www.queenalice.com/game.php?id=875573"]
[Date "2010.12.23"]
[Round "-"]
[White "richcooke"]
[Black "KROKUS"]
[Result "1/2-1/2"]
[WhiteElo "1814"]
[BlackElo "1417"]

1. e4 e5 2. Bc4 Bc5 3. Nf3 Nc6 4. O-O h6 5. d3 d6 6. Nc3 Nf6 7. Bd5 Bd7 8. Be3
b6 9. Bxc5 bxc5 10. b3 a6 11. a3 O-O 12. Ne2 Nxd5 13. exd5 Nd4 14. Nexd4 exd4
15. b4 Bg4 16. h3 Bxf3 17. Qxf3 cxb4 18. axb4 Qg5 19. Qe4 Qf6 20. Ra5 Rfb8 21.
Rb1 Rb5 22. Rba1 Rxa5 23. Rxa5 g6 24. b5 Kf8 25. bxa6 Ra7 26. Ra4 Qe5 27. f4 Qh5
28. Qf3 Qxf3 29. gxf3 f5 30. Kf2 Ke7 31. Kg3 g5 32. fxg5 hxg5 33. f4 Kf6 34.
Rxd4 Rxa6 35. Rc4 gxf4+ 36. Kxf4 Ra5 37. Rd4 Rc5 38. c4 Kg6 39. h4 Ra5 40. Ke3
Ra8 41. Rf4 Re8+ 42. Kf3 Re1 43. Kg2 Rd1 44. d4 Rd2+ 45. Kf3 Rc2 46. h5+ Kxh5
47. Rxf5+ Kg6 48. c5 dxc5 49. Rf4 Rc3+ 50. Ke4 cxd4 51. Kxd4 Rc1 52. Ke5 Re1+
53. Re4 Rxe4+ 54. Kxe4 Kf6 55. Kd4 Ke7 56. Kc5 Kd7 57. Kd4 Kd6 58. Kc4 c6 59.
dxc6 Kxc6 60. Kd4 1/2-1/2

[Event "Challenge"]
[Site "http://www.queenalice.com/game.php?id=882273"]
[Date "2011.1.6"]
[Round "-"]
[White "spin"]
[Black "richcooke"]
[Result "0-1"]
[WhiteElo "1547"]
[BlackElo "1808"]

1. e4 c5 2. d4 e6 3. Bf4 d6 4. Bb5+ Bd7 5. Bxd7+ Qxd7 6. c4 cxd4 7. e5 Nc6 8.
Qf3 dxe5 9. Bd2 Bb4 10. b3 Nf6 11. a4 e4 12. Qg3 O-O 13. Kf1 d3 14. Bh6 Nh5 15.
Qg4 g6 16. Bxf8 Kxf8 17. Qd1 d2 18. g4 Qd3+ 19. Ne2 Nf4 20. Na3 Qh3+ 21. Kg1
Qg2# 0-1

[Event "Challenge"]
[Site "http://www.queenalice.com/game.php?id=882275"]
[Date "2011.1.6"]
[Round "-"]
[White "ORNELAS"]
[Black "richcooke"]
[Result "0-1"]
[WhiteElo "1638"]
[BlackElo "1814"]

1. b3 e5 2. d4 e4 3. d5 d6 4. Nc3 f5 5. Bf4 g5 6. Be3 Bg7 7. Bd2 Na6 8. e3 Nf6
9. g3 Nb4 10. a3 Nbxd5 11. Nxd5 Nxd5 12. Bg2 Bxa1 13. Qxa1 Qf6 14. Qd1 Be6 15.
Qh5+ Bf7 16. Qe2 Qb2 17. Qd1 Qxa3 18. Ne2 Qc5 19. O-O Bh5 20. Qa1 O-O-O 21. Nd4
Rde8 22. Nxf5 Qxc2 23. Qxa7 Qxd2 24. Qa8+ Kd7 25. Qxb7 Qa5 26. Ng7 Rb8 27. Bh3+
g4 28. b4 Qa2 29. Qxb8 Rxb8 30. Bg2 Bg6 31. h3 h5 32. hxg4 hxg4 33. Rd1 Nxb4 34.
Bf1 Nd3 35. Bxd3 exd3 36. e4 Bxe4 37. Nh5 Qe2 38. Rf1 Qxf1+ 39. Kxf1 Rb1# 0-1

[Event "Let's Play Chess!"]
[Site "http://www.queenalice.com/game.php?id=893726"]
[Date "2011.1.31"]
[Round "-"]
[White "Ranj"]
[Black "richcooke"]
[Result "1-0"]
[WhiteElo "1976"]
[BlackElo "1823"]

1. e4 c5 2. Nf3 Nc6 3. c3 Nf6 4. e5 Nd5 5. c4 Ndb4 6. a3 Na6 7. Be2 d6 8. exd6
exd6 9. O-O Be7 10. d4 d5 11. cxd5 Qxd5 12. Nc3 Qd7 13. d5 Na5 14. Bb5 Nc6 15.
dxc6 bxc6 16. Qxd7+ Kxd7 17. Rd1+ Kc7 18. Bf4+ Kb7 19. Bf1 Be6 20. Ne4 Bd5 21.
Ned2 Bf6 22. Rab1 g5 23. Bg3 c4 24. Nxc4 Bxf3 25. gxf3 Rad8 26. Nd6+ Kc7 27.
Bxa6 Be7 28. Nxf7+ Kb6 29. Rxd8 Rxd8 30. Nxd8 1-0

[Event "Let's Play Chess!"]
[Site "http://www.queenalice.com/game.php?id=893727"]
[Date "2011.1.31"]
[Round "-"]
[White "richcooke"]
[Black "Ranj"]
[Result "0-1"]
[WhiteElo "1801"]
[BlackElo "1992"]

1. e4 c5 2. Bc4 e6 3. Nf3 Ne7 4. c3 Ng6 5. d4 cxd4 6. cxd4 Be7 7. O-O O-O 8. Nc3
d6 9. d5 e5 10. Qb3 Nd7 11. Be3 b6 12. Rac1 Nc5 13. Bxc5 bxc5 14. Bb5 Bd7 15.
Bc6 Rb8 16. Qa3 Bxc6 17. dxc6 Qc7 18. Nd5 Qxc6 19. Nh4 Bxh4 20. b4 c4 21. Qxa7
Ra8 22. Qe3 Rxa2 23. Qe2 Rxe2 0-1